Marine botany
Uloženo v:
| Hlavní autor: | |
|---|---|
| Médium: | Kniha |
| Jazyk: | angličtina |
| Vydáno: |
Nueva York
John Wiley
1981
|
| Témata: | |
| Tagy: |
Přidat tag
Žádné tagy, Buďte první, kdo vytvoří štítek k tomuto záznamu!
|
MARC
| LEADER | 00000nam a2200000 a 4500 | ||
|---|---|---|---|
| 001 | UCY2658 | ||
| 003 | CL-VaPUC | ||
| 008 | 941110e19810000US |||||||||||||||||eng|d | ||
| 082 | 0 | 4 | |a 581.91 |b DAW |2 21 |
| 100 | 0 | |a Dawes, Clinton J |e author |9 330733 | |
| 245 | 1 | 0 | |a Marine botany |
| 300 | |a 628 p | ||
| 942 | |c BK | ||
| 945 | |d 19941110 00:00:00 |a mfernand | ||
| 260 | |a Nueva York |b John Wiley |c 1981 | ||
| 650 | 7 | |a FLORA MARINA |2 CL-VaPUC |9 330734 | |
| 650 | 0 | |a Ecología marina |9 259946 | |
| 650 | 0 | |a Algas marinas |9 261775 | |
| 583 | |a last modification |c 19941110 00:00:00 |k Rodrigo Vera | ||
| 999 | |c 231013 |d 231011 | ||
| 952 | |0 0 |1 0 |2 ddc |4 0 |6 581_910000000000000_DAW_1981 |7 0 |8 CCM |9 233765 |a BIBCUR |b BIBCUR |c PAC |d 2019-11-15 |i 3032639 |o 581.91 DAW 1981 |p 3032639 |r 2025-04-22 |w 2019-11-15 |y BK |k CIM | ||